عرض عادي
عرض مارك
- المحاسبة
مدخل مصطلح موضوعي
001 - رقم الضبط
- حقل الضبط: 10017
003 - معرف رقم الضبط
- حقل الضبط: OSt
005 - تاريخ ووقت أخر عملية
- حقل الضبط: 20120403005827.0
008 - عناصر بيانات ثابتة الطول
- حقل تحكم ثابت الطول: 120403|||a|||||| | ||| d
040 ## - مصدر الفهرسة
- هيئة الفهرسة الأصلية: OSt
- وكالة الكتابة: OSt
150 ## - مدخل-- مصطلح تاريخي
- عنصر مدخل المصطلح الموضوعي او الاسم الجغرافي: المحاسبة
- تفريع شكلي: معاجم
670 ## - بيانات المصدر موجوده
- الاستشهاد بالمصدر: Work cat.: (OSt)22246: شكري، فهمي محمود 10016, معجم إدارة الحسابات :, 2009
